000 00977nac a22002897a 4500
001 BR0003739
003 BR-BrBNA
005 20240105122444.0
008 230509b bl.|||m| |||| 00| 0 por d
040 _aBR-BrBNA
_bpor
_cBiblioteca Nacional de Agricultura
072 _aF08
090 _a1190 BR0003739
100 1 _aLunz, A.M.P.
100 1 _aFranke, I.L.
110 1 _aCentro de Pesquisa Agroflorestal do Acre, Rio Branco (Brasil)
245 1 _aAvaliacao de um modelo de sistema agroflorestal com pupunha, acai, cupuacu, cafe e castanha-do-Brasil, no Estado do Acre
260 3 _aRio Branco, AC (Brasil):
_c1997.
300 _a3 p.
490 _aPesquisa em Andamento - Centro de Pesquisa Agroflorestal do Acre (Brazil)
_vno. 101
_xISSN 0101-6075
650 _aFruta Tropical
650 _aCafe
650 _aCastanha do Para
650 _aAgrossilvicultura
650 _aAcre
909 _a202312
_bLúcia Elande
_c55
_dLúcia Elande
942 _2AGRIS
_n0
_cMS
999 _c291124
_d291124